Vista normal Vista MARC

Entrada Personal Name

Número de registros utilizados en: 1

001 - CONTROL NUMBER

  • control field: 11084

003 - CONTROL NUMBER IDENTIFIER

  • control field: OSt

005 - DATE AND TIME OF LATEST TRANSACTION

  • control field: 20200930224308.0

008 - FIXED-LENGTH DATA ELEMENTS

  • fixed length control field: 200930|| aca||aabn | a|a d

040 ## - CATALOGING SOURCE

  • Original cataloging agency: OSt
  • Transcribing agency: OSt

100 ## - HEADING--PERSONAL NAME

  • Personal name: Cruz, Celia
  • General subdivision: biografías
  • Chronological subdivision: 1925-2003

670 ## - SOURCE DATA FOUND

  • Source citation: Work cat.: (OSt)3248: Patiño, Jairo Enrique, autor 11083, Celia Cruz : , 2004